| 000 | 00825nam0a2200253 4500 | ||
|---|---|---|---|
| 001 | RU\NLR\ONL1\5957 | ||
| 005 | 20250613115031.0 | ||
| 035 | _a(NLR Aleph) 009634708 | ||
| 090 |
_a9516162 _c9516162 |
||
| 100 | _a20050730d1934 |||y0rusy50 ca | ||
| 101 | 0 | _achm | |
| 102 | _aRU | ||
| 105 | _aa ||||||||| | ||
| 200 | 1 |
_aРумо чорда шупшыктымашым кузэ сайэмдаш _f[Пер. К. Семенова] |
|
| 210 |
_aМ. _cНаркомтьажпром изд-вэ _d1934 |
||
| 215 |
_a14,[1] с. _cил. _d19 |
||
| 541 | 1 |
_aКак улучшить вывозку лесоматериалов _zrus |
|
| 700 | 1 |
_aТонкель _bИ. _4070 |
|
| 801 | 0 |
_aRU _bNLR _c20050730 _gPSBO |
|
| 852 |
_aNLR _bОНЛ _jМар.л./2-128 |
||
| 942 | _cBOOK | ||
| 980 | _aNB | ||